[Event "1. Bundesliga 2019/2020"]
[Site "Volkshaus Bindermichl, Linz"]
[Date "2019.10.11"]
[Round "2"]
[Board "2"]
[White "Korpa, Bence"]
[Black "Weiss, Christian"]
[Result "1-0"]
[WhiteElo "2546"]
[BlackElo "2369"]
[PlyCount "175"]
[EventDate "2019.10.10"]
[EventType "team"]
[EventRounds "11"]
[EventCountry "AUT"]
[WhiteTeam "Spg. Sallegger Tech. Fuerstenfeld/Hartber"]
[BlackTeam "Union Ansfelden"]

1.Nf3 Nf6 2.g3 d5 3.Bg2 c6 4.O-O g6 5.b3 Bg7 6.Bb2 O-O 7.c4 Bg4 8.d3 Bxf3 9.Bxf3 Nbd7
10.Nd2 Qb6 11.Rc1 Rfc8 12.Rc2 e6 13.Qa1 Ne8 14.Rfc1 Bxb2 15.Qxb2 Qd8 16.b4 dxc4 17.Nxc4
Nb6 18.Na5 Nd6 19.h4 Qe7 20.h5 a6 21.d4 Rc7 22.Kg2 Rd8 23.hxg6 fxg6 24.Nb3 Nf7 25.Nc5
Nd7 26.Nd3 Nf6 27.Kg1 Rcd7 28.e3 Rf8 29.Bg2 Re8 30.Qb3 Kg7 31.f4 Nh5 32.Nc5 Nxg3 33.Nxd7
Qxd7 34.a4 Nd6 35.Qc3 Kg8 36.Qc5 Rf8 37.Bh3 Ngf5 38.Bxf5 Rxf5 39.Qc3 Qe7 40.Rh2 Rf7
41.Qd3 Qf6 42.Rc5 Rd7 43.Qc2 Kg7 44.Qg2 Kg8 45.Qg4 Nf5 46.Qf3 Nd6 47.Qg2 Re7 48.Qa2
Re8 49.Qg2 Re7 50.Qg5 Qf8 51.Qe5 Re8 52.Rcc2 Qe7 53.Rcg2 Nf7 54.Qc5 Nd6 55.Rh3 Rf8
56.Qe5 Rf6 57.Rgh2 Rf7 58.Qc5 Qd8 59.Qg5 Qxg5+ 60.fxg5 Ne4 61.Rh6 Nxg5 62.Rf2 Re7
63.Kg2 Kg7 64.Rh1 e5 65.Rd1 Ne4 66.Rc2 exd4 67.Rxd4 Nf6 68.Kf3 g5 69.e4 Nd7 70.Kg4
Ne5+ 71.Kf5 Nf7 72.Rc5 h6 73.a5 g4 74.Kxg4 Ng5 75.Rcc4 Kf6 76.Rd6+ Ke5 77.Rd2 Rg7
78.Kh5 Ne6 79.Kxh6 Re7 80.Rf2 Nd4 81.Rh2 Rd7 82.Rh4 Kf6 83.Rc5 Ke6 84.Rg4 Rd8 85.Rg6+
Kd7 86.Rg7+ Kc8 87.Re7 Nb5 88.Rg5 1-0

[Event "1. Bundesliga 2019/2020"]
[Site "Volkshaus Bindermichl, Linz"]
[Date "2019.10.11"]
[Round "2"]
[Board "3"]
[White "Knoll, Hermann"]
[Black "Ruck, Robert"]
[Result "1/2-1/2"]
[WhiteElo "2323"]
[BlackElo "2537"]
[PlyCount "158"]
[EventDate "2019.10.10"]
[EventType "team"]
[EventRounds "11"]
[EventCountry "AUT"]
[WhiteTeam "Union Ansfelden"]
[BlackTeam "Spg. Sallegger Tech. Fuerstenfeld/Hartber"]

1.d4 Nf6 2.Nf3 e6 3.c4 d5 4.Nc3 Bb4 5.e3 O-O 6.Bd3 c5 7.O-O cxd4 8.exd4 dxc4 9.Bxc4
b6 10.Qe2 Bb7 11.Rd1 Bxc3 12.bxc3 Qc7 13.Bd3 Qxc3 14.Bg5 Nbd7 15.Rac1 Qa5 16.Ne5 Qd5
17.Nf3 Rac8 18.Qb2 Qd6 19.Ne5 Rxc1 20.Bxc1 Rc8 21.Nc4 Qc6 22.Ne3 Qc3 23.Qb1 Nf8 24.Bb2
Qc7 25.Rc1 Qd7 26.Rd1 Nd5 27.Rc1 Rxc1+ 28.Qxc1 Nf4 29.Bf1 N8g6 30.f3 Qc6 31.Qxc6 Bxc6
32.Kf2 Nd5 33.Nxd5 Bxd5 34.a3 Ne7 35.Ke3 Nf5+ 36.Kd2 Kf8 37.Be2 Ke7 38.g4 Nd6 39.Kc3
Kd7 40.Bc1 Kc6 41.a4 Kd7 42.Bf4 Bc6 43.Kb4 Ne8 44.a5 Nc7 45.Bd2 Nd5+ 46.Kb3 bxa5 47.Bxa5
Nf4 48.Bd1 Bb5 49.Bd2 Nd5 50.f4 Bd3 51.Bf3 Ne7 52.Kb4 f5 53.gxf5 Nxf5 54.Kc5 Nd6 55.d5
Be4 56.dxe6+ Kxe6 57.Bg4+ Bf5 58.Bf3 g6 59.Bd5+ Kd7 60.Bc6+ Ke7 61.Bb4 Nc8 62.Be1
Be6 63.Bh4+ Kf7 64.Bd8 Ne7 65.Be4 Ke8 66.Ba5 Kd7 67.Bd3 Ke8 68.Be4 Kf7 69.Bd8 Bf5
70.Bf3 Ke6 71.Be2 Kd7 72.Ba5 Be4 73.Bg4+ Ke8 74.Kd6 Kf7 75.Be6+ Kf8 76.Bb4 Ke8 77.Bd7+
Kf7 78.Be6+ Ke8 79.Bd7+ Kf7 1/2-1/2

[Event "1. Bundesliga 2019/2020"]
[Site "Volkshaus Bindermichl, Linz"]
[Date "2019.10.11"]
[Round "2"]
[Board "4"]
[White "Mesaros, Florian"]
[Black "Moser, Guenter"]
[Result "1-0"]
[WhiteElo "2410"]
[BlackElo "2267"]
[PlyCount "95"]
[EventDate "2019.10.10"]
[EventType "team"]
[EventRounds "11"]
[EventCountry "AUT"]
[WhiteTeam "Spg. Sallegger Tech. Fuerstenfeld/Hartber"]
[BlackTeam "Union Ansfelden"]

1.d4 f5 2.Nf3 Nf6 3.g3 g6 4.Bg2 Bg7 5.O-O O-O 6.b3 Ne4 7.Bb2 c5 8.Qc1 cxd4 9.Bxd4
Nf6 10.c4 Nc6 11.Bb2 Qe8 12.Nc3 Rb8 13.Re1 Ng4 14.e4 Bh6 15.Qd1 Bg7 16.exf5 gxf5 17.Na4
Bxb2 18.Nxb2 Qg6 19.Nd3 Qg7 20.Qd2 Nf6 21.Qe3 d6 22.b4 e5 23.b5 Ng4 24.Qd2 Nd8 25.Nb4
Nf7 26.Nd5 b6 27.a4 Nd8 28.a5 Ne6 29.axb6 axb6 30.Nb4 e4 31.Qxd6 exf3 32.Bxf3 Qd4
33.Qxd4 Nxd4 34.Bd5+ Kh8 35.Nc6 Nxc6 36.bxc6 b5 37.c7 Rb6 38.Ra8 Kg7 39.c5 Ra6 40.Re7+
Kf6 41.Rf7+ Rxf7 42.Rxc8 Rxc7 43.Rxc7 Ke5 44.Bf3 Kd4 45.Rd7+ Kxc5 46.Rd5+ Kb4 47.Rxf5
Nh6 48.Rh5 1-0

[Event "1. Bundesliga 2019/2020"]
[Site "Volkshaus Bindermichl, Linz"]
[Date "2019.10.11"]
[Round "2"]
[Board "5"]
[White "Mostbauer, Florian"]
[Black "Poetz, Florian"]
[Result "0-1"]
[WhiteElo "2302"]
[BlackElo "2422"]
[PlyCount "148"]
[EventDate "2019.10.10"]
[EventType "team"]
[EventRounds "11"]
[EventCountry "AUT"]
[WhiteTeam "Union Ansfelden"]
[BlackTeam "Spg. Sallegger Tech. Fuerstenfeld/Hartber"]

1.Nf3 c5 2.e3 g6 3.d4 Bg7 4.c4 Nf6 5.d5 O-O 6.Nc3 e6 7.Bd3 exd5 8.cxd5 d6 9.O-O a6
10.a4 Bg4 11.h3 Bxf3 12.Qxf3 Nbd7 13.Qd1 Rc8 14.Re1 Re8 15.e4 c4 16.Bc2 Nc5 17.a5
Nfd7 18.f4 Qc7 19.Kh2 Nd3 20.Bxd3 cxd3 21.Qxd3 Nc5 22.Qd1 Bxc3 23.bxc3 Nxe4 24.Bb2
Qc5 25.Ra4 Nxc3 26.Bxc3 Qxc3 27.Rxe8+ Rxe8 28.Qd4 Qe1 29.Ra1 Qe4 30.Qxe4 Rxe4 31.Rb1
Rxf4 32.Rxb7 Rd4 33.Rb6 Rxd5 34.Rxa6 Kg7 35.Rb6 Kf6 36.a6 Ke6 37.a7 Ra5 38.Rb7 Ra3
39.g4 h6 40.Kg2 f5 41.gxf5+ gxf5 42.h4 d5 43.Kf2 f4 44.h5 Kf5 45.Rd7 Kg4 46.Rxd5 Ra2+
47.Kf1 Rxa7 48.Rd6 Ra1+ 49.Kf2 Ra2+ 50.Kg1 Kxh5 51.Rf6 Kg5 52.Rf8 Kg4 53.Rf7 Kg3 54.Rg7+
Kf3 55.Rf7 Ra1+ 56.Kh2 Rf1 57.Ra7 Re1 58.Rf7 Re4 59.Kg1 Re1+ 60.Kh2 h5 61.Rf8 h4 62.Rf7
Ke3 63.Kg2 h3+ 64.Kxh3 f3 65.Re7+ Kf2 66.Ra7 Rh1+ 67.Kg4 Kg2 68.Kf4 f2 69.Rg7+ Kf1
70.Ra7 Rh8 71.Kf3 Rf8+ 72.Ke3 Rg8 73.Ra2 Kg1 74.Rxf2 Re8+ 0-1

[Event "1. Bundesliga 2019/2020"]
[Site "Volkshaus Bindermichl, Linz"]
[Date "2019.10.11"]
[Round "2"]
[Board "6"]
[White "Freitag, Manfred"]
[Black "Ennsberger, Ulrich"]
[Result "1-0"]
[WhiteElo "2356"]
[BlackElo "2251"]
[PlyCount "79"]
[EventDate "2019.10.10"]
[EventType "team"]
[EventRounds "11"]
[EventCountry "AUT"]
[WhiteTeam "Spg. Sallegger Tech. Fuerstenfeld/Hartber"]
[BlackTeam "Union Ansfelden"]

1.e4 c5 2.Nf3 Nc6 3.d4 cxd4 4.Nxd4 Qb6 5.Nb3 e6 6.Nc3 Nf6 7.Be3 Qc7 8.Qf3 Bb4 9.O-O-O
Bxc3 10.bxc3 d5 11.exd5 Nxd5 12.Bc5 Bd7 13.c4 Qf4+ 14.Qxf4 Nxf4 15.Bd6 Ng6 16.Nc5
O-O-O 17.Ne4 e5 18.Ng5 Be8 19.c5 h6 20.Ne4 f5 21.Nc3 Bf7 22.g3 Rhe8 23.f4 exf4 24.gxf4
Nh4 25.Rg1 Bh5 26.Rxg7 Rd7 27.Rg3 Bxd1 28.Kxd1 Re6 29.Bc4 Rdxd6+ 30.cxd6 Rxd6+ 31.Kc1
Rg6 32.Be2 Nd4 33.Bh5 Re6 34.Rd3 Nc6 35.Ne2 Re4 36.Rh3 Ng2 37.Bf3 Nxf4 38.Bxe4 Nxe2+
39.Kd2 Ned4 40.Bxc6 1-0

[Event "1. Bundesliga 2019/2020"]
[Site "Volkshaus Bindermichl, Linz"]
[Date "2019.10.11"]
[Round "2"]
[Board "1"]
[White "Kunin, Vitaly"]
[Black "Schneider, Ilja"]
[Result "1/2-1/2"]
[WhiteElo "2560"]
[BlackElo "2486"]
[PlyCount "61"]
[EventDate "2019.10.10"]
[EventType "team"]
[EventRounds "11"]
[EventCountry "AUT"]
[WhiteTeam "SK Bregenz 1920"]
[BlackTeam "SK Hohenems"]

1.c4 c6 2.Nf3 d5 3.g3 Nf6 4.Bg2 Bg4 5.Ne5 Be6 6.cxd5 Bxd5 7.Nf3 c5 8.Nc3 Bc6 9.O-O
e6 10.Re1 Nbd7 11.e4 c4 12.b3 Nc5 13.Ne5 Nd3 14.Nxd3 cxd3 15.Qf3 Bc5 16.b4 Bd4 17.Bb2
O-O 18.Rab1 b5 19.Nd1 a5 20.Qxd3 Bxb2 21.Nxb2 axb4 22.Rbc1 Bb7 23.Qxb5 Qxd2 24.Qxb7
Rxa2 25.e5 Ng4 26.Nd3 Qxd3 27.Rc8 Qd4 28.Rxf8+ Kxf8 29.Qc8+ Ke7 30.Qc7+ Kf8 31.Qc8+ 1/2-1/2

[Event "1. Bundesliga 2019/2020"]
[Site "Volkshaus Bindermichl, Linz"]
[Date "2019.10.11"]
[Round "2"]
[Board "2"]
[White "Bezold, Michael"]
[Black "Sergeev, Vladimir"]
[Result "1/2-1/2"]
[WhiteElo "2483"]
[BlackElo "2419"]
[PlyCount "58"]
[EventDate "2019.10.10"]
[EventType "team"]
[EventRounds "11"]
[EventCountry "AUT"]
[WhiteTeam "SK Hohenems"]
[BlackTeam "SK Bregenz 1920"]

1.c4 Nf6 2.Nc3 d6 3.g3 c5 4.Bg2 Nc6 5.a3 g6 6.Rb1 a5 7.Nf3 Bg7 8.O-O O-O 9.d3 Bd7
10.Ne1 Qc8 11.Nc2 Bh3 12.b4 axb4 13.axb4 Bxg2 14.Kxg2 b6 15.Bg5 e6 16.Qd2 Qd7 17.e4
Rfc8 18.Rfe1 Ne8 19.Bh6 Bh8 20.h3 Nc7 21.bxc5 bxc5 22.Rb7 Rcb8 23.Reb1 Qc8 24.R7b6
Rxb6 25.Rxb6 Qd7 26.Rb7 Qc8 27.Rb6 Qd7 28.Rb7 Qc8 29.Rb6 Qd7 1/2-1/2

[Event "1. Bundesliga 2019/2020"]
[Site "Volkshaus Bindermichl, Linz"]
[Date "2019.10.11"]
[Round "2"]
[Board "3"]
[White "Dobosz, Henryk"]
[Black "Berchtenbreiter, Maximilian"]
[Result "1/2-1/2"]
[WhiteElo "2379"]
[BlackElo "2489"]
[PlyCount "60"]
[EventDate "2019.10.10"]
[EventType "team"]
[EventRounds "11"]
[EventCountry "AUT"]
[WhiteTeam "SK Bregenz 1920"]
[BlackTeam "SK Hohenems"]

1.d4 g6 2.e4 c6 3.c3 d5 4.Nd2 dxe4 5.Nxe4 Bg7 6.h3 Nf6 7.Nxf6+ exf6 8.Nf3 O-O 9.Be2
a5 10.O-O a4 11.Be3 Re8 12.Qd2 Na6 13.Rfe1 Nc7 14.c4 Bf5 15.Red1 Be4 16.Ne1 Qe7 17.Nd3
Bxd3 18.Qxd3 Rad8 19.Bf3 f5 20.d5 Bxb2 21.Rab1 a3 22.d6 Qe5 23.Bb6 Ne6 24.d7 Re7 25.Bxd8
Nxd8 26.Rd2 Kf8 27.Rbd1 Re6 28.Qb3 Qc5 29.Rd3 Ke7 30.Kf1 Kf8 1/2-1/2

[Event "1. Bundesliga 2019/2020"]
[Site "Volkshaus Bindermichl, Linz"]
[Date "2019.10.11"]
[Round "2"]
[Board "4"]
[White "Henrichs, Thomas"]
[Black "Hess, Max"]
[Result "1/2-1/2"]
[WhiteElo "2455"]
[BlackElo "2378"]
[PlyCount "82"]
[EventDate "2019.10.10"]
[EventType "team"]
[EventRounds "11"]
[EventCountry "AUT"]
[WhiteTeam "SK Hohenems"]
[BlackTeam "SK Bregenz 1920"]

1.Nf3 Nf6 2.c4 g6 3.Nc3 Bg7 4.e4 d6 5.d4 O-O 6.h3 Na6 7.Be3 c5 8.d5 e6 9.Bd3 exd5
10.exd5 Nc7 11.a4 Na6 12.O-O Nb4 13.Bb1 b6 14.Qd2 Ba6 15.Nb5 Re8 16.Bg5 Qd7 17.Bf4
Bxb5 18.axb5 a6 19.bxa6 b5 20.cxb5 Nfxd5 21.Bg3 Qxb5 22.Bxd6 Qc6 23.Bg3 Rxa6 24.Rxa6
Qxa6 25.Re1 Rxe1+ 26.Qxe1 Bxb2 27.Qe8+ Kg7 28.Ng5 Qf6 29.Ne4 Qc6 30.Qb8 Nf6 31.Bd6
Qe8 32.Qxe8 Nxe8 33.Bxc5 Nc6 34.Ba2 h6 35.g4 Be5 36.Kg2 Nc7 37.h4 Bd4 38.Bd6 Be5 39.f4
Bxd6 40.Nxd6 Nd8 41.Kf3 Kf6 1/2-1/2

[Event "1. Bundesliga 2019/2020"]
[Site "Volkshaus Bindermichl, Linz"]
[Date "2019.10.11"]
[Round "2"]
[Board "5"]
[White "Ciolek, Andreas"]
[Black "Baenziger, Fabian"]
[Result "0-1"]
[WhiteElo "2230"]
[BlackElo "2409"]
[PlyCount "80"]
[EventDate "2019.10.10"]
[EventType "team"]
[EventRounds "11"]
[EventCountry "AUT"]
[WhiteTeam "SK Bregenz 1920"]
[BlackTeam "SK Hohenems"]

1.e4 c5 2.Nf3 Nc6 3.d4 cxd4 4.Nxd4 Nf6 5.Nc3 d6 6.Bg5 e6 7.Qd2 a6 8.O-O-O Bd7 9.f4
b5 10.Bxf6 gxf6 11.Kb1 Qb6 12.Nxc6 Bxc6 13.Qe1 Ra7 14.Bd3 a5 15.Qh4 Be7 16.Qh5 b4
17.Ne2 a4 18.f5 Qc5 19.b3 axb3 20.cxb3 Qe5 21.Nc1 Bd8 22.Rhe1 Bb6 23.Qg4 h5 24.Qh4
Ke7 25.g4 Qc3 26.Ne2 Qe5 27.Nc1 Bd4 28.Re2 Qf4 29.Rc2 Bd7 30.Ne2 Qf2 31.Ng3 Qe3 32.Re2
Qf3 33.Nxh5 Rxa2 34.Kxa2 Ra8+ 35.Kb1 Ra1+ 36.Kc2 Rxd1 37.Kxd1 Qxd3+ 38.Rd2 Qxb3+ 39.Ke2
Qe3+ 40.Kd1 Ba4+ 0-1

[Event "1. Bundesliga 2019/2020"]
[Site "Volkshaus Bindermichl, Linz"]
[Date "2019.10.11"]
[Round "2"]
[Board "6"]
[White "Novkovic, Milan"]
[Black "Amann, Harald"]
[Result "1-0"]
[WhiteElo "2358"]
[BlackElo "1935"]
[PlyCount "53"]
[EventDate "2019.10.10"]
[EventType "team"]
[EventRounds "11"]
[EventCountry "AUT"]
[WhiteTeam "SK Hohenems"]
[BlackTeam "SK Bregenz 1920"]

1.d4 Nf6 2.Nf3 g6 3.c4 Bg7 4.e3 O-O 5.Be2 e6 6.O-O d5 7.b4 a5 8.b5 c5 9.bxc6 bxc6
10.Ba3 Re8 11.Nbd2 a4 12.Rb1 Nfd7 13.Bd6 Qa5 14.c5 f6 15.e4 Na6 16.a3 Nc7 17.Rb4 e5
18.Re1 dxe4 19.Bc4+ Kh8 20.Nxe4 Nb5 21.Bxb5 cxb5 22.Nc3 Ba6 23.Nd5 Rac8 24.Ne7 Rxe7
25.Bxe7 Bb7 26.dxe5 Bxf3 27.Qxd7 1-0

[Event "1. Bundesliga 2019/2020"]
[Site "Volkshaus Bindermichl, Linz"]
[Date "2019.10.11"]
[Round "2"]
[Board "1"]
[White "Dragnev, Valentin"]
[Black "Michalik, Peter"]
[Result "0-1"]
[WhiteElo "2551"]
[BlackElo "2585"]
[PlyCount "94"]
[EventDate "2019.10.10"]
[EventType "team"]
[EventRounds "11"]
[EventCountry "AUT"]
[WhiteTeam "mpimmo Wien - SK Ottakring"]
[BlackTeam "Mayrhofen/SK Zell Zillertal"]

1.d4 d5 2.Nf3 Nf6 3.c4 c6 4.e3 Bg4 5.Qb3 Qb6 6.Ne5 Bf5 7.cxd5 Qxb3 8.axb3 Nxd5 9.Bd3
Bxd3 10.Nxd3 e6 11.Bd2 Na6 12.Ke2 Be7 13.Na3 Ndb4 14.Nxb4 Bxb4 15.Nc4 Bxd2 16.Nxd2
O-O-O 17.Ne4 Rhe8 18.Ra5 Kb8 19.Rha1 Rd5 20.Nc3 Rxa5 21.Rxa5 Nc7 22.Rc5 Nd5 23.Nxd5
exd5 24.h4 Kc7 25.Kd3 Kb6 26.g3 Re6 27.Kd2 a5 28.Kd3 Ka6 29.Kd2 b6 30.Rc2 Kb5 31.Kc3
h6 32.Re2 g5 33.hxg5 hxg5 34.g4 Rf6 35.Rc2 Rh6 36.f3 Rh3 37.Rf2 Rg3 38.Rf1 Rg2 39.e4
f6 40.exd5 cxd5 41.Re1 Rf2 42.Re3 Rf1 43.Rd3 Rc1+ 44.Kd2 Rh1 45.Kc3 Rf1 46.Re3 Rf2
47.Rd3 Re2 0-1

[Event "1. Bundesliga 2019/2020"]
[Site "Volkshaus Bindermichl, Linz"]
[Date "2019.10.11"]
[Round "2"]
[Board "2"]
[White "Votava, Jan"]
[Black "Banusz, Tamas"]
[Result "1/2-1/2"]
[WhiteElo "2501"]
[BlackElo "2623"]
[PlyCount "60"]
[EventDate "2019.10.10"]
[EventType "team"]
[EventRounds "11"]
[EventCountry "AUT"]
[WhiteTeam "Mayrhofen/SK Zell Zillertal"]
[BlackTeam "mpimmo Wien - SK Ottakring"]

1.d4 d5 2.c4 c6 3.Nf3 Nf6 4.Nc3 e6 5.e3 a6 6.a4 a5 7.Be2 Na6 8.O-O Be7 9.Ne5 Nb4 10.Na2
Nxa2 11.Rxa2 O-O 12.b3 Nd7 13.f4 f6 14.Nf3 f5 15.Bd3 b6 16.cxd5 cxd5 17.Qe2 Bb7 18.Bd2
Rc8 19.Rb1 Nf6 20.Ne5 Ne4 21.Be1 Bd6 22.Rc2 Qe7 23.Rbc1 Bxe5 24.Rxc8 Rxc8 25.Rxc8+
Bxc8 26.fxe5 Bd7 27.Qc2 Qg5 28.Qc1 h6 29.h3 Kh7 30.Kh2 Qd8 1/2-1/2

[Event "1. Bundesliga 2019/2020"]
[Site "Volkshaus Bindermichl, Linz"]
[Date "2019.10.11"]
[Round "2"]
[Board "3"]
[White "Papp, Gabor"]
[Black "Miesbauer, Jan"]
[Result "1-0"]
[WhiteElo "2597"]
[BlackElo "2384"]
[PlyCount "71"]
[EventDate "2019.10.10"]
[EventType "team"]
[EventRounds "11"]
[EventCountry "AUT"]
[WhiteTeam "mpimmo Wien - SK Ottakring"]
[BlackTeam "Mayrhofen/SK Zell Zillertal"]

1.e4 e6 2.d4 d5 3.Nd2 Be7 4.Ngf3 Nf6 5.e5 Nfd7 6.Bd3 c5 7.c3 Nc6 8.O-O a5 9.a4 cxd4
10.cxd4 Nb4 11.Bb1 b6 12.Re1 Ba6 13.Nf1 Rc8 14.Ng3 h5 15.Ne2 Qc7 16.Nc3 Qc4 17.h4
Nd3 18.Re3 Nxc1 19.Qxc1 Qc7 20.Bd3 Bxd3 21.Rxd3 Qc4 22.Qd1 O-O 23.b3 Qc7 24.Ng5 g6
25.Rc1 Qd8 26.Rg3 Kg7 27.Nb5 Bb4 28.Kh2 Qe7 29.Rc2 f6 30.Nf3 fxe5 31.Rxc8 Rxc8 32.dxe5
Rf8 33.Qc2 Qf7 34.Ng5 Qe7 35.Nd4 Nc5 36.Ngxe6+ 1-0

[Event "1. Bundesliga 2019/2020"]
[Site "Volkshaus Bindermichl, Linz"]
[Date "2019.10.11"]
[Round "2"]
[Board "4"]
[White "Maiwald, Jens-Uwe"]
[Black "Froewis, Georg"]
[Result "0-1"]
[WhiteElo "2437"]
[BlackElo "2459"]
[PlyCount "118"]
[EventDate "2019.10.10"]
[EventType "team"]
[EventRounds "11"]
[EventCountry "AUT"]
[WhiteTeam "Mayrhofen/SK Zell Zillertal"]
[BlackTeam "mpimmo Wien - SK Ottakring"]

1.d4 d5 2.Bf4 c5 3.e3 Nc6 4.c3 Nf6 5.Nd2 e6 6.Ngf3 cxd4 7.exd4 Nh5 8.Bg5 f6 9.Be3
Bd6 10.g3 O-O 11.Nb3 g6 12.Bg2 b6 13.O-O Ba6 14.Re1 Qd7 15.a4 Ng7 16.Bh6 Rfe8 17.Bxg7
Kxg7 18.a5 Bc7 19.axb6 axb6 20.Nfd2 Bb7 21.Qg4 Rxa1 22.Rxa1 Ne7 23.Nc1 Nf5 24.Nd3
h5 25.Qd1 Ra8 26.Rxa8 Bxa8 27.Qa1 Bb7 28.Qa7 Bc8 29.Bh3 Bd8 30.Qxd7+ Bxd7 31.Bxf5
gxf5 32.Nf4 h4 33.Nf3 hxg3 34.fxg3 Bc7 35.Kf2 Kf7 36.Nh4 Bc6 37.Nfg2 Bd6 38.Nf4 Bf8
39.Nf3 Bh6 40.Ke2 Ke7 41.Kf2 Kd6 42.Nh4 Bd7 43.Ke1 e5 44.Ne2 Ke6 45.Kf2 Be8 46.Nf3
Bh5 47.h3 Be8 48.Nh4 Bb5 49.Nf3 Bxe2 50.Kxe2 e4 51.Nh4 f4 52.g4 f3+ 53.Kd1 Bc1 54.b3
Bb2 55.Nf5 Bxc3 56.h4 Kf7 57.h5 b5 58.Nd6+ Kg7 59.Ne8+ Kh8 0-1

[Event "1. Bundesliga 2019/2020"]
[Site "Volkshaus Bindermichl, Linz"]
[Date "2019.10.11"]
[Round "2"]
[Board "5"]
[White "Gstach, Jakob"]
[Black "Hausner, Ivan"]
[Result "1/2-1/2"]
[WhiteElo "2290"]
[BlackElo "2339"]
[PlyCount "116"]
[EventDate "2019.10.10"]
[EventType "team"]
[EventRounds "11"]
[EventCountry "AUT"]
[WhiteTeam "mpimmo Wien - SK Ottakring"]
[BlackTeam "Mayrhofen/SK Zell Zillertal"]

1.d4 Nf6 2.c4 d6 3.Nc3 Nbd7 4.e4 e5 5.Nge2 c6 6.f3 Be7 7.Be3 O-O 8.d5 cxd5 9.cxd5
Ne8 10.Qd2 h6 11.g3 a6 12.Nc1 Bg5 13.Bxg5 Qxg5 14.Qxg5 hxg5 15.Nb3 Ndf6 16.Na4 b5
17.Nb6 Rb8 18.Rc1 Bg4 19.fxg4 Rxb6 20.Bd3 Nxg4 21.O-O Nef6 22.Rc7 Ne3 23.Rfc1 Nc4
24.Bxc4 bxc4 25.R1xc4 Rfb8 26.Rc8+ Kh7 27.Rxb8 Rxb8 28.h3 Kg6 29.g4 Kh7 30.Kf2 g6
31.Kf3 Kg7 32.Ra4 Rh8 33.Kg3 Rc8 34.Na5 Rc2 35.Nb7 Rxb2 36.Nxd6 a5 37.Rxa5 Rb6 38.Nc4
Rb4 39.Nxe5 Rxe4 40.Nf3 Re3 41.Kf2 Rd3 42.Ke2 Rxd5 43.Rxd5 Nxd5 44.Kf2 Nc3 45.a3 f6
46.Ke3 Kf7 47.Kd3 Nd5 48.Kc4 Ke6 49.Kc5 Nc3 50.Nd4+ Kd7 51.Nf3 Ke6 52.Kc4 Ne4 53.a4
Kd6 54.a5 Kc7 55.Kd5 f5 56.gxf5 gxf5 57.Nxg5 Nxg5 58.Ke5 Nxh3 1/2-1/2

[Event "1. Bundesliga 2019/2020"]
[Site "Volkshaus Bindermichl, Linz"]
[Date "2019.10.11"]
[Round "2"]
[Board "6"]
[White "Tabernig, Bernhard"]
[Black "Schneider-Zinner, Harald"]
[Result "1-0"]
[WhiteElo "2282"]
[BlackElo "2381"]
[PlyCount "81"]
[EventDate "2019.10.10"]
[EventType "team"]
[EventRounds "11"]
[EventCountry "AUT"]
[WhiteTeam "Mayrhofen/SK Zell Zillertal"]
[BlackTeam "mpimmo Wien - SK Ottakring"]

1.d4 d5 2.c4 c6 3.Nf3 Nf6 4.Nc3 e6 5.g3 Nbd7 6.Bg2 Be7 7.O-O O-O 8.b3 b6 9.Bb2 Ba6
10.Nd2 b5 11.cxd5 cxd5 12.Re1 b4 13.Na4 Bb5 14.e4 Bxa4 15.bxa4 dxe4 16.Nxe4 Nd5 17.Rc1
Rc8 18.Rxc8 Qxc8 19.Qb3 Qb8 20.Nd2 N7f6 21.Nc4 Rc8 22.Rc1 h6 23.Bf3 Rc7 24.Ne5 Rxc1+
25.Bxc1 Bd6 26.Bb2 Qc7 27.Kg2 Nc3 28.Nc4 Nfd5 29.Nxd6 Qxd6 30.a3 a5 31.axb4 axb4 32.a5
Qc7 33.a6 Qa5 34.Bxc3 Nxc3 35.Qc4 Kh7 36.Qc8 Nb5 37.d5 exd5 38.Qf5+ Kh8 39.Qxd5 Qxa6
40.Be2 b3 41.Bxb5 1-0

[Event "1. Bundesliga 2019/2020"]
[Site "Volkshaus Bindermichl, Linz"]
[Date "2019.10.11"]
[Round "2"]
[Board "1"]
[White "Navara, David"]
[Black "Lenic, Luka"]
[Result "0-1"]
[WhiteElo "2719"]
[BlackElo "2627"]
[PlyCount "114"]
[EventDate "2019.10.10"]
[EventType "team"]
[EventRounds "11"]
[EventCountry "AUT"]
[WhiteTeam "SC MPOE Maria Saal"]
[BlackTeam "SV Raika Rapid Feffernitz"]

1.e4 e5 2.Nf3 Nc6 3.Bb5 Nf6 4.d3 d6 5.O-O Be7 6.c3 O-O 7.Nbd2 Nd7 8.d4 Bf6 9.Nb3 a5
10.a4 Nb6 11.Be3 exd4 12.cxd4 Nb4 13.Nxa5 c6 14.Bd2 cxb5 15.Bxb4 bxa4 16.b3 Nd5 17.exd5
Rxa5 18.Bxa5 Qxa5 19.bxa4 Qxd5 20.Rb1 Bd7 21.Qb3 Qxb3 22.Rxb3 Bc6 23.Rb4 Ra8 24.Ra1
Bd8 25.Rc4 Kf8 26.Ne1 Bd5 27.Rcc1 Bc6 28.Rc4 Bd5 29.Rcc1 Bc6 30.Nc2 Bg5 31.Re1 Rxa4
32.Nb4 Bf6 33.Rxa4 Bxa4 34.Rc1 Ke8 35.Rc8+ Kd7 36.Rf8 Bb3 37.d5 Kc7 38.Rxf7+ Kb6 39.h4
Bc4 40.g4 Bc3 41.h5 h6 42.f4 Bxb4 43.Rxg7 Bc3 44.Rd7 Bxd5 45.g5 Kc6 46.Rd8 Kc7 47.Re8
Kd7 48.Rb8 Kc7 49.Re8 b5 50.gxh6 b4 51.h7 b3 52.Re7+ Kc6 53.Re3 Bd4 54.Kh2 b2 55.Re1
Be4 56.Rxe4 b1=Q 57.Rxd4 Qb2+ 0-1

[Event "1. Bundesliga 2019/2020"]
[Site "Volkshaus Bindermichl, Linz"]
[Date "2019.10.11"]
[Round "2"]
[Board "2"]
[White "Skoberne, Jure"]
[Black "Handler, Lukas"]
[Result "1/2-1/2"]
[WhiteElo "2561"]
[BlackElo "2420"]
[PlyCount "101"]
[EventDate "2019.10.10"]
[EventType "team"]
[EventRounds "11"]
[EventCountry "AUT"]
[WhiteTeam "SV Raika Rapid Feffernitz"]
[BlackTeam "SC MPOE Maria Saal"]

1.b3 e5 2.Bb2 d6 3.e3 Nf6 4.h3 g6 5.g4 Bg7 6.Bg2 c6 7.Ne2 Nbd7 8.Ng3 O-O 9.d4 exd4
10.Bxd4 Nc5 11.Nd2 Ne6 12.Bc3 Ne8 13.Bxg7 N8xg7 14.f4 d5 15.Nf3 Re8 16.O-O Qb6 17.Nd4
Nxd4 18.exd4 Re3 19.Kf2 Re7 20.Qd2 Bd7 21.Rfe1 Rae8 22.c3 Qc7 23.Rxe7 Rxe7 24.Re1
Qd6 25.Rxe7 Qxe7 26.Qe3 Qxe3+ 27.Kxe3 f6 28.c4 Be6 29.f5 gxf5 30.gxf5 Bf7 31.c5 Kf8
32.Bf3 Ke7 33.b4 a6 34.Kd2 Kd7 35.Kc3 Kc7 36.Be2 Be8 37.h4 Bd7 38.Bd3 Be8 39.Be2 Bd7
40.Bg4 Be8 41.a4 Bd7 42.Kd2 Bc8 43.Kd3 Bd7 44.Ke3 b5 45.cxb6+ Kxb6 46.Kd2 a5 47.Kc3
h6 48.Kb3 Bc8 49.Kc3 Bd7 50.Kb3 Bc8 51.Kc3 1/2-1/2

[Event "1. Bundesliga 2019/2020"]
[Site "Volkshaus Bindermichl, Linz"]
[Date "2019.10.11"]
[Round "2"]
[Board "3"]
[White "Kreisl, Robert"]
[Black "Danin, Alexandre"]
[Result "1/2-1/2"]
[WhiteElo "2401"]
[BlackElo "2525"]
[PlyCount "82"]
[EventDate "2019.10.10"]
[EventType "team"]
[EventRounds "11"]
[EventCountry "AUT"]
[WhiteTeam "SC MPOE Maria Saal"]
[BlackTeam "SV Raika Rapid Feffernitz"]

1.d4 d5 2.c4 c6 3.cxd5 cxd5 4.Bf4 Nc6 5.e3 Nf6 6.Nc3 e6 7.Bd3 Be7 8.h3 O-O 9.a3 a6
10.Nf3 Bd6 11.Bxd6 Qxd6 12.O-O Bd7 13.Na4 e5 14.dxe5 Nxe5 15.Nxe5 Qxe5 16.Nb6 Rad8
17.Nxd7 Rxd7 18.Qb3 d4 19.exd4 Rxd4 20.Rfe1 Qd5 21.Qxd5 Rxd5 22.Be4 Nxe4 23.Rxe4 Rfd8
24.Rc1 Kf8 25.Kf1 Rd2 26.Rb4 b5 27.Ke1 R2d5 28.a4 Re5+ 29.Kf1 Rd2 30.Re1 Rc5 31.Rbe4
g6 32.axb5 Rxb5 33.b4 Rb2 34.Ra1 Rb6 35.Rf4 g5 36.Rf5 h6 37.Rfa5 Rf6 38.f3 Rd6 39.R5a2
Rxb4 40.Rxa6 Rxa6 41.Rxa6 Kg7 1/2-1/2

[Event "1. Bundesliga 2019/2020"]
[Site "Volkshaus Bindermichl, Linz"]
[Date "2019.10.11"]
[Round "2"]
[Board "4"]
[White "Schreiner, Peter"]
[Black "Buhmann, Rainer"]
[Result "1/2-1/2"]
[WhiteElo "2440"]
[BlackElo "2581"]
[PlyCount "122"]
[EventDate "2019.10.10"]
[EventType "team"]
[EventRounds "11"]
[EventCountry "AUT"]
[WhiteTeam "SV Raika Rapid Feffernitz"]
[BlackTeam "SC MPOE Maria Saal"]

1.e4 e5 2.Nf3 Nc6 3.Nc3 Nf6 4.d4 exd4 5.Nxd4 Bc5 6.Be3 Bb6 7.Qd2 Ng4 8.Nxc6 dxc6 9.Qxd8+
Kxd8 10.Bxb6 axb6 11.h3 Ne5 12.f4 Nd7 13.a3 Ke7 14.Kf2 h5 15.g3 h4 16.g4 g5 17.fxg5
Rg8 18.Ne2 Rxg5 19.Nd4 Ne5 20.Be2 c5 21.Nf5+ Bxf5 22.exf5 Rgg8 23.Ke3 f6 24.Rad1 Rgd8
25.Rhg1 Nf7 26.Bf3 c6 27.Kf2 Rxd1 28.Rxd1 Ng5 29.Bg2 Rd8 30.Rxd8 Kxd8 31.Ke3 Kc7 32.b4
Kd6 33.Kf4 Kd7 34.Ke3 Kc7 35.c3 Kd6 36.Kf4 Kd7 37.Ke3 Kc7 38.Bf1 Kd6 39.Bg2 Ke5 40.c4
cxb4 41.axb4 Nf7 42.Bf1 Nd6 43.b5 Ne4 44.Bg2 Ng5 45.Bf1 cxb5 46.cxb5 Kd5 47.Kd3 Kc5
48.Ke3 Kd5 49.Kd3 Ke5 50.Ke3 Ne4 51.Bd3 Nc3 52.Bc4 Ne4 53.Bd3 Nd6 54.Bf1 Nf7 55.Bc4
Ng5 56.Bf1 Kd5 57.Kd3 Kc5 58.Ke3 Kd6 59.Bg2 Kc5 60.Bf1 Kd5 61.Ke4+ Ke5+ 1/2-1/2